| 000 | 00340nam a2200133Ia 4500 | ||
|---|---|---|---|
| 005 | 20251222155103.0 | ||
| 008 | 251222s9999||||xx |||||||||||||| ||spa|| | ||
| 082 | _aSIQ.37 | ||
| 100 | _aCALLE GALAN. Hugo. | ||
| 245 | 0 | _aEl maltrato a los niños de la práctica a la teoría | |
| 250 | _aNo ed. | ||
| 264 | _bUniv de Cuenca | ||
| 942 | _cLIB | ||
| 999 |
_c37764 _d37764 |
||